| 000 | 00899nam a22002297a 4500 | ||
|---|---|---|---|
| 005 | 20250421115638.0 | ||
| 008 | 250421b |||||||| |||| 00| 0 eng d | ||
| 020 | _a978-93-5072-741-6 (hbk) | ||
| 037 | _cTB | ||
| 040 |
_aCRL _cCRL |
||
| 041 |
_2hin _ahin |
||
| 084 |
_aO152:g Q4 _qCRL |
||
| 100 |
_aराय,रामेश्वर _9752548 |
||
| 245 | _aकविता का परिसर | ||
| 260 |
_aनई दिल्ली, भारत: _bवाणी प्रकाशन, _c2014. |
||
| 300 | _a125पृ0 | ||
| 365 |
_bINR _c325.00 |
||
| 650 | _2हिन्दी कविता | ||
| 650 | _2हिन्दी साहित्य | ||
| 942 |
_2CC _cTB _hO152:g Q4 _n0 |
||
| 999 |
_c1309243 _d1309243 |
||